| 000 | 00451nam a2200205Ia 4500 | ||
|---|---|---|---|
| 001 | 110006 | ||
| 003 | YMCAF | ||
| 005 | 20230512162408.0 | ||
| 008 | 100717s2003 ||||||||||||||||| ||und|d | ||
| 024 | _a110006 | ||
| 035 | _aWB993 | ||
| 040 |
_aYMCAF _beng _cIN-KoLT |
||
| 041 | _aeng | ||
| 082 |
_a621.382 _b75 SEL |
||
| 100 | _aSelvarajan, A | ||
| 245 | 0 | _aOptical fiber communication | |
| 260 |
_bTMH _c2003 |
||
| 300 | _a355 | ||
| 942 |
_2ddc _cBK |
||
| 999 |
_c11721 _d11721 |
||